Historia dla opornych! (part 2) - Statystyki

Ogólne statystyki
  • Ten quiz został rozwiązany 233 razy
  • Średni wynik to 5 z 7
Statystyki odpowiedzi
Zagadnienie Odpowiedź % Poprawnych
Kiedy była bitwa pod Grunwaldem w 1410
100%
Gdzie znajdowała się pierwsza stolica Polski? W Gnieźnie
100%
Gdzie odbyła się ta unia? W Krewnie
80%
Przez ile polska okupywała moskwę? 2 lata
70%
W jakich latach był potop szwedzki? 1655-1660
60%
W którym roku powstała unia z Wielkim Księstwem Litewskim? w 1385
60%
W jakich latach była II Wojna Polsko-Rosyjska? w latach 1609–1618.
10%
Nie znaleziono quizów pasujących do podanych kryteriów
Rozkład punktacji
Procent ludzi z każdym wynikiem
Percentyl według liczby udzielonych odpowiedzi
Twoja historia wyników
Nie rozwiązałeś tego quizu